00659nam a2200205Ia 4500003000400000008004100004020002600045040000800071100002000079245004500099260004800144300001000192365001100202901002100213902004300234903005800277942001200335952008900347999001700436LDD181029s9999 xx 000 0 und d a9788180302626c790.00 cLDD aSharma, Shriram 0aAdvanced nuclear physicscShriram Sharma aNew DelhibCampus Books Internationalc2010 a276p. b790.00 a6298b28-09-2010 aSBS/D/170/2010b27-10-2010cFdSBSe53 aDiscount-15bReqst by : S. Gupta  2ddccBK 00102ddc4070993105aLDDbLDDl0o539.7 Sh23Ap076440r2018-11-01w2018-11-01yBK c93106d93106